| 000 | 00789nam a2200229 4500 | ||
|---|---|---|---|
| 001 | 107516 | ||
| 003 | ES-MaACL | ||
| 005 | 20250923160914.0 | ||
| 007 | t| | ||
| 008 | 061121s1952 sp r ||||1| spa d | ||
| 100 | 1 |
_aMorazé, Charles. _983176 |
|
| 245 | 1 | 0 |
_aPrincipios generales de historia, economía y sociología / _cCharles Morazé: prólogo de J. Vicens Vives; [traducida del francés por Pablo y Alejando Sancho Riera]. |
| 260 |
_aBarcelona : _bTeide, _c1952. |
||
| 300 |
_a215 p. ; _c19. |
||
| 490 | 1 | _aDurán y Bas | |
| 700 | 1 |
_aVicens Vives, Jaime, _d1910-1960 _9114319 |
|
| 700 | 1 |
_aSancho Riera, Pablo. _9103053 |
|
| 700 | 1 |
_aSancho Riera, Alejandro. _9103052 |
|
| 830 | 0 |
_aDurán y Bas _9232433 |
|
| 852 |
_aES-MaACL _jD-6173 _bR.31978 |
||
| 999 |
_c107516 _d107516 |
||